|
|
|
|
| LEADER |
01427cas a2200253 a 4500 |
| 001 |
AALejournalIMF004972 |
| 008 |
230101c9999 xx r poo 0 0eng d |
| 020 |
|
|
|c 5.00 USD
|
| 020 |
|
|
|z 9781451869354
|
| 022 |
|
|
|a 1018-5941
|
| 040 |
|
|
|a BD-DhAAL
|c BD-DhAAL
|
| 100 |
1 |
|
|a Cerra, Valerie.
|
| 245 |
1 |
4 |
|a The Monetary Model Strikes Back :
|b Evidence from the World /
|c Valerie Cerra, Sweta Saxena.
|
| 264 |
|
1 |
|a Washington, D.C. :
|b International Monetary Fund,
|c 2008.
|
| 300 |
|
|
|a 1 online resource (41 pages)
|
| 490 |
1 |
|
|a IMF Working Papers
|
| 500 |
|
|
|a <strong>Off-Campus Access:</strong> No User ID or Password Required
|
| 500 |
|
|
|a <strong>On-Campus Access:</strong> No User ID or Password Required
|
| 506 |
|
|
|a Electronic access restricted to authorized BRAC University faculty, staff and students
|
| 520 |
3 |
|
|a We revisit the dramatic failure of monetary models in explaining exchange rate movements. Using the information content from 98 countries, we find strong evidence for cointegration between nominal exchange rates and monetary fundamentals. We also find fundamentalsbased models very successful in beating a random walk in out-of-sample prediction.
|
| 538 |
|
|
|a Mode of access: Internet
|
| 700 |
1 |
|
|a Saxena, Sweta.
|
| 830 |
|
0 |
|a IMF Working Papers; Working Paper ;
|v No. 2008/073
|
| 856 |
4 |
0 |
|z Full text available on IMF
|u http://elibrary.imf.org/view/journals/001/2008/073/001.2008.issue-073-en.xml
|z IMF e-Library
|